00936nab a22002057a 4500003000400000005001700004008004100021040000700062100002600069245010600095260004200201300001300243500003700256505017300293505008900466650002000555650001600575650002000591773011900611OSt20260224131611.0190506c xxu||||| |||| 00| 0 spa d cPJ aGelvez, Claudia M. M.10aTeletrabajo e implementación del sistema híbrido en el ámbito judicial /cClaudia M. M. Gelvez. aBuenos Aires :bAbeledoPerrot,c2024. ap. 19-24 aCita: TR LALEY AR/DOC/2546/2024. aSumario: I. Introducción.— II. Desarrollo.— III. Régimen legal del contrato de teletrabajo. Modalidad de teletrabajo.— IV. Conclusión.— V. Bibliografía. t¿Te interesa el texto completo? Comunicate al correo: koha@justierradelfuego.gov.ar 0aDERECHO LABORAL 0aTELETRABAJO 0aPODER JUDICIAL 0 02751dBuenos Aires : AbeledoPerrot, 2013-tRevista de derecho laboral y seguridad social. Nº 22 - Noviembre 2024